LEADER 00919nam0-22002771i-450- 001 990006624440403321 005 20001010 035 $a000662444 035 $aFED01000662444 035 $a(Aleph)000662444FED01 035 $a000662444 100 $a20001010d--------km-y0itay50------ba 101 0 $aita 105 $ay-------001yy 200 1 $a<>Century of American Life Insurance . A History of the Mutual Life Insurance Company of New York 1843- 1943$fShepard B. Clough 210 $aWestport$cGreenwood Press$d1970 215 $aXIV, 402 p., 22 cm 700 1$aClough,$bShepard B.$f<1901-1990>$033442 801 0$aIT$bUNINA$gRICA$2UNIMARC 901 $aBK 912 $a990006624440403321 952 $aXI A 148$b5338$fFSPBC 959 $aFSPBC 996 $aCentury of American Life Insurance . A History of the Mutual Life Insurance Company of New York 1843- 1943$9614976 997 $aUNINA DB $aGEN01 LEADER 01424nam--2200433---450- 001 990002283940203316 005 20100125132027.0 035 $a000228394 035 $aUSA01000228394 035 $a(ALEPH)000228394USA01 035 $a000228394 100 $a20041217d1976----km-y0itay0103----ba 101 0 $aita 102 $aIT 105 $a||||||||001yy 200 1 $aOltre l'età dell spreco$equarto rapporto al Club di Roma$ericerca scientifica e politica delle risorse$fDennis Gabor, Umberto Colombo$gcon la collaborazione di Alexander King e Riccardo Galli$gpresentazione di Aurelio Peccei 210 $aMilano$cMondadori$d1976 215 $a238 p.$d21 cm 225 2 $aBiblioteca della EST 410 0$12001$aBiblioteca della EST 454 1$12001 461 1$1001-------$12001 676 $a333.7 700 1$aGABOR,$bDennis$026012 701 1$aCOLOMBO,$bUmberto$020286 702 1$aKING,$bAlexander 702 1$aGALLI,$bRiccardo 702 1$aPECCEI,$bAurelio 801 0$aIT$bsalbc$gISBD 912 $a990002283940203316 951 $a333.7 GAB 1 (Coll. AQH 2)$b43412 G.$cColl. AQH$d00270400 959 $aBK 969 $aECO 979 $aSIAV3$b10$c20041217$lUSA01$h1634 979 $aSIAV3$b10$c20041217$lUSA01$h1635 979 $aSIAVER$b90$c20041217$lUSA01$h1643 979 $aRSIAV4$b90$c20100125$lUSA01$h1320 996 $aOltre l'età dell spreco$91067577 997 $aUNISA LEADER 01321oas 2200349 a 450 001 9910692002003321 005 20031024101420.0 035 $a(CKB)5470000002351409 035 $a(OCoLC)53282373 035 9 $aocm53282373 035 $a(OCoLC)995470000002351409 035 $a(EXLCZ)995470000002351409 100 $a20031024b199u1997 ua 101 0 $aeng 135 $auranu||||| 181 $ctxt$2rdacontent 182 $cc$2rdamedia 183 $acr$2rdacarrier 200 10$aCurrent industrial reports$hM32G$iGlass containers ... summary$b[electronic resource] /$fU.S. Dept. of Commerce, Economics and Statistics Administration, Bureau of the Census 210 $aWashington, D.C. $cU.S. Census Bureau$d-[1998] 300 $aAddress: U.S. Dept. of Commerce, Bureau of the Census, Manufacturing and Construction Division, Washington, DC 20233. 300 $aDescription based on: 1997 summary; title from title screen (viewed on Oct. 14, 2003). 517 3 $aGlass containers ... summary 606 $aGlass container industry$zUnited States$vStatistics$vPeriodicals 608 $aStatistics.$2lcgft 615 0$aGlass container industry 801 0$bGPO 801 1$bGPO 906 $aDOCUMENT 912 $a9910692002003321 996 $aCurrent industrial reports$93099315 997 $aUNINA